00306nam a22001217a 4500003000400000008004100004020001800045082002000063100003000083245002300113260003900136300000900175OSt250716b |||||||| |||| 00| 0 eng d a9789393285782 a891.43103bS56J aAcharya Ramchandra Shukla aJayasi Granthawali aNew DelhibShivank Prakashanc2024 a647p